| 000 | 00699nam a22001935i 4500 | ||
|---|---|---|---|
| 001 | 169144 | ||
| 003 | ES-MaACL | ||
| 005 | 20230906214017.0 | ||
| 008 | 080819s1858 sp |||| | spa d | ||
| 080 | _a625.7/8 | ||
| 100 | 1 |
_aEspinosa, P. C. _947897 |
|
| 245 | 1 | 0 |
_aManual de caminos que comprende su trazado, construcción y conservación / _cpor D. C. P. Espinosa. |
| 250 | _a2ª ed. | ||
| 260 |
_aMadrid : _b[s.n.], _c1858 ( _fImp. del Colegio de Sordo-mudos y de Ciegos) |
||
| 300 |
_a[4], 485, XXI p., [8] h. de lám. pleg. ; _c22 cm. |
||
| 650 | 1 | 4 |
_aCarreteras- _xMantenimiento. _9138210 |
| 650 | 4 |
_aCarreteras- _xDiseño y construcción. _9165965 |
|
| 852 |
_aES-MaACL _jF-11503 _9R.143618 |
||
| 999 |
_c169144 _d169144 |
||